LEADER 00767nam a2200205 i 4500 001 000000153953 003 CaOOAMICUS 005 20061005000000.0 008 061005n it u000 u ita u 013 $a131299 040 $aSeMil$bita 245 10$a5. 300 $a335 p. :$b[1] ritratto, [5] c. di tav. 700 1 $aMommsen, Theodor,$d<1817-1903>.$0(OLS)http://semarc/name/3260 700 1 $aQuattrini, Antonio G.$0(OLS)http://semarc/name/7604 773 0 $aMommsen, Theodor <1817-1903>$tStoria di Roma.$dMilano : Dall'Oglio : Orpheus Libri, [19?]$g5$w()16509 850 $aSeMil 852 $aSeMil$W1$xVenegono$y1$m3S II 216$j105836$B105836$CSeMilBibl$Z2$F115341 $81 961 $aOmaggio: De Grandi don Marcello 996 $6245$a5$9(OLS)http://semarc/title/57540 LEADER 00868nam a2200229 i 4500 001 000000165700 003 CaOOAMICUS 005 20071024000000.0 008 071024s1977 it u000 u ita u 013 $a143068 040 $aSeMil$bita 100 1 $aCassola, Mimmi.$0(OLS)http://semarc/name/32667 245 10$aStoria d'amore per due voci pari :$bromanzo /$cMimmi Cassola. 260 $aMilano :$bJaca Book,$c1977. 300 $a192 p. ;$c21 cm. 490 0 $aGià e non ancora [Jaca Book]v7 830 0$aGià e non ancora ;$v7.$0(OLS)http://semarc/title/5902 850 $aSeMil 852 $aSeMil$W1$xVenegono$y1$m1P V 43$j116883$B116883$CSeMilBibl$Z2$F127781 $81 961 $aRecupero: Altro 996 $6245$aStoria d'amore per due voci pari :$bromanzo$9(OLS)http://semarc/title/236597 996 $6260$aMilano :$bJaca Book$9(OLS)http://semarc/publisher/29781